[Event "Hallstahammar op"]
[Site "Hallstahammar"]
[Date "2004.09.12"]
[Round "7"]
[White "Freden, Tobias"]
[Black "Eriksson, Bo1111"]
[Result "0-1"]
[WhiteElo "1748"]
[BlackElo "2033"]
[PlyCount "40"]
[EventDate "2004.09.10"]
[EventType "swiss"]
[EventRounds "8"]
[EventCountry "SWE"]
[SourceTitle "EXT 2005"]
[Source "ChessBase"]
[SourceDate "2004.11.15"]
[SourceVersion "1"]
[SourceVersionDate "2004.11.15"]
[SourceQuality "1"]

1. c4 e5 2. Nc3 Bb4 3. Nd5 a5 4. a3 Bc5 5. g3 c6 6. Nc3 d5 7. cxd5 cxd5 8. d3 Nf6 9. Bg5 Bxf2+ 10. Kxf2 Ng4+ 11. Ke1 Qxg5 12. Nxd5 0-0 13. Nb6 Ra6 14. Nf3 Qe3 15. Nd5 Qf2+ 16. Kd2 Rd6 17. Ne7+ Kh8 18. Nxc8 Rxc8 19. Bh3 Rxd3+ 20. Kxd3 Qe3# 0-1